Pociągi w Polsce nazwane po poetach - Statystyki

Ogólne statystyki
  • Ten quiz został rozwiązany 129 razy
  • Średni wynik to 8 z 26
Statystyki odpowiedzi
Rodzaj pociągu Nazwa pociągu % Poprawnych
IC Mickiewicz
79%
EIC Bolesław Prus
57%
IC Orzeszkowa
48%
IC Sienkiewicz
47%
IC Konopnicka
43%
IC Kochanowski
39%
IC Nałkowska
37%
IC Tuwim
36%
IC Krasiński
32%
IC Żeromski
31%
IC Fredro
29%
IC Reymont
29%
IC Wyspiański
29%
IC Asnyk
28%
IC Baczyński
26%
IC Dąbrowska
26%
IC Gałczyński
21%
IC Leśmian
21%
IC Kraszewski
17%
IC Witkacy
16%
IC Staszic
13%
IC Wybicki
13%
IC Niemcewicz
12%
IC Czechowicz
10%
IC Porazińska
9%
IC Morcinek
4%
Nie znaleziono quizów pasujących do podanych kryteriów
Rozkład punktacji
Procent ludzi z każdym wynikiem
Percentyl według liczby udzielonych odpowiedzi
Twoja historia wyników
Nie rozwiązałeś tego quizu